000 00800nam a2200193Ii 4500
003 JO-AjNU
008 230605s9999||||xx |||||||||||||| ||und||
040 _aJO-AjNU
_bara
_erda
_cJO-AjNU
041 _aara
050 1 4 _aDS119.D3772 1983
100 3 _aتاليف ناصر، درويش,
_eauthor
_935872
245 0 0 _aعملية الدبويا كما يرويها منفذوها
264 3 1 _aعمان: دار الجليل، 1983
300 _a172ص
_bيشتمل على ملاحق من ص ( 93- 172) وصور توصيحية
336 _atext
_btxt
_2rdacontent
337 _aunmediated
_bn
_2rdamedia
338 _avolume
_bnc
_2rdacarrier
650 4 _aالانتفاضة الفلسطينية 1978-1993- النزاع العربي الاسرائيلي- المقاومة الفلسطينية
_935873
999 _aA14851
_c18419
_d18419